Most Populous Massachusetts Municipalities in 2000 - Statistics

General Stats
  • This quiz has been taken 2 times
  • The average score is 16 of 20
Answer Stats
Population County Status Municipality % Correct
590,355 Suffolk City Boston
100%
57,008 Norfolk Town Brookline
100%
101,322 Middlesex City Cambridge
100%
91,928 Bristol City Fall River
100%
72,045 Essex City Lawrence
100%
105,046 Middlesex City Lowell
100%
56,223 Middlesex City Malden
100%
55,647 Middlesex City Medford
100%
93,847 Bristol City New Bedford
100%
83,518 Middlesex City Newton
100%
88,025 Norfolk City Quincy
100%
77,629 Middlesex City Somerville
100%
152,001 Hampden City Springfield
100%
172,529 _________ City Worcester
100%
94,349 Plymouth City Brockton
50%
66,910 Middlesex Town Framingham
50%
89,029 Essex City Lynn
50%
59,219 Middlesex City Waltham
50%
58,979 Essex City Haverhill
0%
56,039 Bristol City Taunton
0%
No matching quizzes found
Score Distribution
Percent of People with Each Score
Percentile by Number Answered
Your Score History
You have not taken this quiz